000 01319nam a2200301 c 4500
999 _c206933
_d206933
003 BLK
005 20210220140351.0
008 180411b bul|||||r ||||||| ||bul||
010 _aKNG00216684000
040 _aBLK
041 _aBUL
_cBUL
080 _aИстория на Втората световна война (1939-1945)
_b94(100)"1939/1945"
_z94(100)"1939/1945"
080 _aМеждународно наказателно право. Наказуеми действия в общото и в международното право. Наказуеми лица. Екстрадиция(правни аспекти)
_b341.4
_z341.4
080 _aБългарска литература
_b821.163.2
_x-4
_z821.163.2-4
100 1 _aЯнев, Кирил
_eпърви автор
_9375671
139 _aЯнев, Кирил
_bЯ 54
245 1 0 _aНеосъщественото възмездие
_b[Полит. очерци]
_cКирил Янев.
257 _aBGR
260 _bСептември
_c1987
300 _a112 с.
_bс ил., портр.
_c22 см
380 _a9
490 1 _aИздателство Септември представя
852 _aЦб 148147
856 4 _qpdf
856 4 _qpdf
942 _cKNG
_n0
_s1
_01
944 _aCR
_c01.03.2018
_kКети_Илиева
944 _aED
_c01.03.2018
_kКети_Илиева
999 _d206933